1990 1896 1499 1939 1292 1645 1112 1223 1836 1780 1778 1942 1837 1444 1755 1687 1562 1645 1384 1180 1547 1029 1487 1741 1917 1994 1621 1539 1136 1277 1928 1636 1546 1550 1865 1608 1555 1070 1890 1366 1332 1501 1295 1411 1023 1323 1652 1441 1239 1127 1722 1516 1372 1320 1397 1069 1046 1683 1610 1774 1782 1586 1054 1630 1018 1397 1493 1017 1499 1128 1023 1626 1768 1411 1402 1012 1281 1616 1625 1629 1004 1382 1940 1364 1737 1335 1690 1830 1269 1837 1426 1855 1446 1043 1718 1713 1699 1220 1495 BCNSPRNW ULIB Ver.6.0+V

เปลี่ยนเป็นภาษาไทย

Change to English
 แสดงรายละเอียดบรรณานุกรม
  กลับหน้าหลัก

Brief Record : Get Marc (ISO 2709) : E-mail record : QR code < ปิดหน้าต่าง
LEADER : 00000nam 2200000uu 4500
001    13399114881
003     ULIB
008    120613s2543||||th 000 0 tha d
020    ^a9748465365
060 04 ^aWA 541^bส691ส 2543
245 00 ^aสรุปผลการศึกษาสถานการณ์ปัจจุบันและแนวโน้มของงานสาธารณสุขมูลฐานในประเทศไทย /^cโดยสำนักงานคณะกรรมการการสาธารณสุขมูลฐาน ; [หัวหน้าโครงการวิจัย, พรทิพย์ สุประดิษฐ์ ; คณะผู้วิจัย, รุจินาถ อรรถสิษฐ ... และคนอื่น ๆ]
246 30 ^aสถานการณ์ปัจจุบันและแนวโน้มของงานสาธารณสุขมูลฐานในประเทศไทย
250    ^aพิมพ์ครั้งที่ 1
260    ^a[กรุงเทพฯ] :^bสำนักงานคณะกรรมการการสาธารณสุขมูลฐาน,^c2543
300    ^a92 หน้า ;^c30 ซม.
500    ^aSend to Single Search
650  4 ^aสาธารณสุขมูลฐาน^zไทย^xวิจัย
650  4 ^aวิจัย
700 0  ^aพรทิพย์ สุประดิษฐ์
700 0  ^aรุจินาถ อรรถสิษฐ
710 2  ^aสำนักงานคณะกรรมการการสาธารณสุขมูลฐาน
945    ^p0^l0^i7538
995    ^aกัณชพร
999 ^a ใช้งานได้ทุกระบบ
รายการนี้ยังไม่มีแท็ก
คุณยังไม่ได้ล็อกอิน คุณสามารถมีกิจกรรมร่วมกับเว็บไซต์ได้ แต่ต้องล็อกอินก่อน ::
  ล็อกอิน

รายการสื่อสารสนเทศ

ลำดับที่ ประเภท เลขเรียก/บาร์โค้ด สถานที่ สถานะ
- ไม่พบข้อมูล -

รายการใกล้เคียง
    หัวเรื่อง [วิจัย]

BibComment


ยังไม่เคยถูกคอมเมนท์

คอมเมนท์ทรัพยากรรายการนี้
  คอมเมนท์: สรุปผลการศึกษาสถ..


 Copyright 2026. Bcnsprnw @Library